LEADER 01624nam2-2200445---450- 001 990003403370203316 005 20110215115645.0 010 $a978-88-96814-03-1 035 $a000340337 035 $aUSA01000340337 035 $a(ALEPH)000340337USA01 035 $a000340337 100 $a20100524d2010----km-y0itay50------ba 101 $aita 102 $aIT 105 $a||||||||001yy 200 1 $a<<1:>> <> disciplina del pubblico impiego e dei concorsi$eannotato con dottrina, giurisprudenza e formule$fGennaro Ferrari, Giulia Ferrari$ercon commento a D.Lgs. 165 del 2001, D.lgs. n. 267 del 2000 e D.Lgs. n. 150 del 2009 (riforma Brunetta) 210 $aRoma$cNel diritto$d2010 215 $aXII, 1410 p.$d24 cm 225 2 $a<> codici del professionista 410 0$12001$a<> codici del professionista 454 1$12001 461 1$1001000340336$12001$aCodice del nuovo pubblico impiego 606 0 $aImpiego pubblico$xLegislazione$yBNCF 676 $a342.45068 700 1$aFERRARI,$bGiuliano$0522633 701 1$aFERRARI,$bGiulia$0231099 801 0$aIT$bsalbc$gISBD 912 $a990003403370203316 951 $aXXV.2.B. 312 1$b67606 G.$cXXV.2.B.$d00258881 959 $aBK 969 $aGIU 979 $aFIORELLA$b90$c20100524$lUSA01$h1000 979 $aFIORELLA$b90$c20100524$lUSA01$h1005 979 $aFIORELLA$b90$c20100524$lUSA01$h1018 979 $aCHIARA$b90$c20110215$lUSA01$h1156 979 $aPATRY$b90$c20130502$lUSA01$h1037 979 $aPATRY$b90$c20130502$lUSA01$h1038 996 $aDisciplina del pubblico impiego e dei concorsi$91126363 997 $aUNISA LEADER 03930nam 2200589 450 001 9910808564303321 005 20230807193746.0 010 $a0-8173-8884-2 035 $a(CKB)3710000000493239 035 $a(EBL)4312176 035 $a(SSID)ssj0001570257 035 $a(PQKBManifestationID)16217891 035 $a(PQKBTitleCode)TC0001570257 035 $a(PQKBWorkID)14803867 035 $a(PQKB)11089509 035 $a(MiAaPQ)EBC4312176 035 $a(OCoLC)926014649 035 $a(MdBmJHUP)muse46991 035 $a(Au-PeEL)EBL4312176 035 $a(CaPaEBR)ebr11138986 035 $a(EXLCZ)993710000000493239 100 $a20160120h20152015 uy 0 101 0 $aeng 135 $aur|n|---||||| 181 $ctxt 182 $cc 183 $acr 200 10$aFighting monsters in the abyss $ethe second administration of Colombian President Alvaro Uribe Velez, 2006-2010 /$fHarvey F. Kline 210 1$aTuscaloosa, Alabama :$cThe University Alabama Press,$d2015. 210 4$dİ2015 215 $a1 online resource (269 p.) 300 $aDescription based upon print version of record. 311 $a0-8173-1880-1 320 $aIncludes bibliographical references and index. 327 $aHistorical background to the Colombian state in 2006 -- The concepts of the state and state building -- State building in Colombia before 1998 -- The immediate context: the Andres Pastrana Presidency and Alvaro Uribe's first -- Term -- The legitimate monopoly of force challenge -- Violence and human rights during the second Uribe term -- Failure with guerilla groups during the second Uribe term -- The justice challenge -- The conflicts of president Uribe with the judicial branch -- Enforcement of the law of justice and peace -- Unsolved problems after the paramilitary demobilization: parapolitica and new -- Emerging bands -- Into the abyss? -- The difficulties coming from allowing the ends to justify the means -- Conclusion -- Epilogue -- Average number of human rights violations in Colombia, 1982-90, according to the Inter-American Commission on Human Rights -- Comparison of human rights violations in Colombia in the Barco and Gaviria years, according to the Comision Intercongregacional de Justicia y Paz -- Levels of violence during the Alvaro Uribe Velez presidency, according to the National Planning Department -- Levels of violence, January-October 2002-9, according to the Fundacion Seguridad y Democracia -- Levels of homicide and kidnapping 2002-10, according to the Ministry of Defense -- Acts of war 2002-10, according to the Ministry of Defense -- Human rights violations during the Uribe years, according to the Centro de Investigacion y Educacion Popular -- Chronology of the arguments between President Uribe and the Supreme Court -- Information about the presence of emerging criminal bands in 2010 -- E.1. Comparison of the number of troops of the Colombian Armed Forces and the FARC, 1999 and 2012. 330 2 $a"Fighting Monsters in the Abyss studies the complex constraints and trade-offs the second administration of Colombian President Uribe (2006-2010) encountered as it attempted to resolve that nation's violent Marxist insurrection and to have a more efficient judicial system"--Provided by publisher. 606 $aHuman rights$zColombia$xHistory$y21st century 606 $aPolitical violence$zColombia$xHistory$y21st century 606 $aJustice, Administration of$zColombia$xHistory$y21st century 607 $aColombia$xPolitics and government$y1974- 615 0$aHuman rights$xHistory 615 0$aPolitical violence$xHistory 615 0$aJustice, Administration of$xHistory 676 $a986.106/34 700 $aKline$b Harvey F.$01050999 801 0$bMiAaPQ 801 1$bMiAaPQ 801 2$bMiAaPQ 906 $aBOOK 912 $a9910808564303321 996 $aFighting monsters in the abyss$94099303 997 $aUNINA